कल्यानजी आनंद जी : (Record no. 111776)
[ view plain ]
| 000 -LEADER | |
|---|---|
| fixed length control field | 01196nam a22002777a 4500 |
| 005 - DATE AND TIME OF LATEST TRANSACTION | |
| control field | 20170124102929.0 |
| 010 ## - LIBRARY OF CONGRESS CONTROL NUMBER | |
| LC control number | B-152130 |
| 020 ## - INTERNATIONAL STANDARD BOOK NUMBER | |
| Terms of availability | 450.00 |
| International Standard Book Number | 818524488 |
| 035 ## - SYSTEM CONTROL NUMBER | |
| System control number | B-152130 |
| 037 ## - SOURCE OF ACQUISITION | |
| Source of stock number/acquisition | Cen Lib/Ret |
| 040 ## - CATALOGING SOURCE | |
| Original cataloging agency | DPL |
| Language of cataloging | HN |
| 082 ## - DEWEY DECIMAL CLASSIFICATION NUMBER | |
| Classification number | 780.92 |
| Item number | श्रीवास्तव |
| 100 ## - MAIN ENTRY--PERSONAL NAME | |
| Personal name | श्रीवास्तव, राजीव |
| 9 (RLIN) | 44469 |
| 245 ## - TITLE STATEMENT | |
| Title | कल्यानजी आनंद जी : |
| Statement of responsibility, etc | राजीव श्रीवास्तव |
| Remainder of title | जिंदगी का सफ़र / |
| 246 ## - VARYING FORM OF TITLE | |
| Title proper/short title | kalyanji aanandji :jindagi ka safar |
| Remainder of title | by Rajeev Shree Vastava |
| 260 ## - PUBLICATION, DISTRIBUTION, ETC. (IMPRINT) | |
| Place of publication, distribution, etc | नई दिल्ली |
| Name of publisher, distributor, etc | हिंदी बुक सेन्टर |
| Date of publication, distribution, etc | 2004 |
| 270 ## - ADDRESS | |
| Address | 4/5,बी -आसफ अली रोड |
| City | नई दिल्ली |
| Postal code | 110002 |
| 300 ## - PHYSICAL DESCRIPTION | |
| Extent | 160पृष्ठ. : |
| Dimensions | 24सेमी(सजिल्द) |
| Other physical details | चित्र. |
| 500 ## - GENERAL NOTE | |
| General note | |
| 650 ## - SUBJECT ADDED ENTRY--TOPICAL TERM | |
| Topical term or geographic name as entry element | हिंदी सिनेमा |
| 9 (RLIN) | 7 |
| 650 ## - SUBJECT ADDED ENTRY--TOPICAL TERM | |
| Topical term or geographic name as entry element | हिंदी फिल्म संगीत |
| 9 (RLIN) | 5559 |
| 650 ## - SUBJECT ADDED ENTRY--TOPICAL TERM | |
| Topical term or geographic name as entry element | Hindi cinema |
| 9 (RLIN) | 44470 |
| 650 ## - SUBJECT ADDED ENTRY--TOPICAL TERM | |
| Topical term or geographic name as entry element | Hindi film music |
| 9 (RLIN) | 44471 |
| 700 ## - ADDED ENTRY--PERSONAL NAME | |
| 9 (RLIN) | 44240 |
| 942 ## - ADDED ENTRY ELEMENTS (KOHA) | |
| Source of classification or shelving scheme | Dewey Decimal Classification |
| Koha item type | Hindi Books |
| Classification part | 780.92 |
| Call number suffix | श्रीवास्तव |
| Withdrawn status | Lost status | Damaged status | Not for loan | Collection code | Home library | Current library | Date acquired | Source of acquisition | Cost, normal purchase price | Total Checkouts | Full call number | Barcode | Date last seen | Copy number | Cost, replacement price | Price effective from | Koha item type |
|---|---|---|---|---|---|---|---|---|---|---|---|---|---|---|---|---|---|
| Not For Loan | Reference | Central Library | Central Library | 05/08/2015 | Cen Lib/Ret | 450.00 | 780.92 श्रीवास्तव | B-152130 | 05/08/2015 | 1 | 450.00 | 05/08/2015 | Hindi Books |
